Postavenie indiánskeho obyvateľstva v Bolívii v kontexte chudoby

Problematika chudoby, ktorá významne postihuje indiánske obyvateľstvo v Bolívii. Hlavnými problémami indiánskeho obyvateľstva sú najmä nerovnaký prístup k vzdelávaniu, pracovnému trhu v Bolívii. Úroveň vzdelanosti u indiánskych žien a ich postavenie v spoločnosti.

Na minha lista:
Detalhes bibliográficos
Autor principal: Janubová, Barbora, 1991-
Formato: Capítulo de Livro
Idioma:eslovaco
Assuntos:
Tags: Adicionar Tag
Sem tags, seja o primeiro a adicionar uma tag!

MARC

LEADER 00000nla$a2200000$$$4500
001 0226096
005 20240502073719.6
041 0 |a slo 
044 |a SK 
245 1 0 |a Postavenie indiánskeho obyvateľstva v Bolívii v kontexte chudoby  |c Barbora Janubová 
520 |a Problematika chudoby, ktorá významne postihuje indiánske obyvateľstvo v Bolívii. Hlavnými problémami indiánskeho obyvateľstva sú najmä nerovnaký prístup k vzdelávaniu, pracovnému trhu v Bolívii. Úroveň vzdelanosti u indiánskych žien a ich postavenie v spoločnosti. 
610 2 0 |a Bolívia 
610 2 0 |a chudoba 
610 2 0 |a vývoj sociálny 
610 2 0 |a vývoj spoločenský 
100 1 |a Janubová, Barbora, 1991-